000 01234 a2200301 4500
003 Nust
005 20170207154035.0
010 _a 2002152222
020 _a0520237927 (alk. paper)
020 _a0520237935 (pbk. : alk. paper)
040 _cNust
082 0 0 _a599.93/5
245 0 0 _aGenetic nature/culture(E-BOOK)
_banthropology and science beyond the two-culture divide /
_cedited by Alan H. Goodman, Deborah Heath, and M. Susan Lindee.
260 _aBerkeley :
_bUniversity of California Press,
_cc2003.
300 _axvii, 311 p. :
_bill. ;
_c24 cm.
505 _aPart 1. Nature/Culture (Page-23) Part II. Culture/Nature (Page-155)
650 0 _aAnthropological ethics
650 0 _aHuman genetics
_xMoral and ethical aspects
650 0 _aHuman genetics
_xResearch
650 0 _aHuman population genetics
651 _aE-BOOK
700 1 _aGoodman, Alan H.
700 1 _aHeath, Deborah,
_d1952-
700 1 _aLindee, M. Susan.
856 4 2 _3Contributor biographical information
_uhttp://www.loc.gov/catdir/bios/ucal052/2002152222.html
856 4 2 _3Publisher description
_uhttp://www.loc.gov/catdir/description/ucal042/2002152222.html
856 4 2 _3Table of contents
_uhttp://www.loc.gov/catdir/toc/fy042/2002152222.html
942 _2ddc
_cBK
999 _c192333
_d192333